| 000 | 00835cab a2200265 4500 | ||
|---|---|---|---|
| 001 | ABS46240 | ||
| 008 | 090401t1992 xxu||||| |||| 00| 0 eng d | ||
| 035 | _a(Sirsi) u57305 | ||
| 041 | _aeng | ||
| 100 | _aWilson, D. | ||
| 245 | _aNational Trust Property Management Information System | ||
| 260 | _c1992 | ||
| 350 | _a0 | ||
| 490 |
_aMapping Awareness _v6(2) March 1992, 52-54(2) |
||
| 520 | _aReports on a National Trust pilot property management information system comprising an integrated Oracle database linked to a GIS. | ||
| 650 | _aDIGITAL MAPPING | ||
| 650 | _aGIS | ||
| 650 | _aNATIONAL TRUST | ||
| 650 | _aORDNANCE SURVEY MAP | ||
| 650 | _aPROPERTY MANAGEMENT INFORMATION SYSTEMS | ||
| 690 | _aMANAGEMENT-BUSINESS MANAGEMENT-INFORMATION MANAGEMENT | ||
| 690 | _aLAND | ||
| 942 | _n0 | ||
| 948 | _c04/03/1997 | ||
| 999 |
_c34924 _d34924 |
||